| 000 | 01131nam a2200313 c 4500 | ||
|---|---|---|---|
| 003 | BLK | ||
| 005 | 20230823143859.0 | ||
| 008 | 180411b bul|||||r ||||||| ||bul|| | ||
| 010 | _aKNG00195865000 | ||
| 040 | _aBLK | ||
| 041 |
_aBUL _cBUL |
||
| 080 |
_aСъвременна индийска литература _b821.214 _x-32 _z821.214-32 |
||
| 080 |
_aСъвременна индийска литература _b821.214 _x-1 _z821.214-1 |
||
| 700 | 1 |
_aМилев, Йордан _eпрев. от санскрит _9363560 |
|
| 700 | 1 |
_aКьосев, Иван _eил. _9367385 |
|
| 139 |
_aПанчатантра _bП 20 |
||
| 245 | 1 | 0 |
_aПанчатантра _cпрев. от санскрит Йордан Милев; ил. Иван Кьосев. |
| 257 | _aIND | ||
| 260 |
_аСофия _bНар. култура _c1976 |
||
| 300 |
_a472 с. _bс ил. _c26 см |
||
| 380 | _aX | ||
| 500 | _a15 125 тир. | ||
| 852 | _aЦб ІІ 5202 | ||
| 856 | 4 |
_qpdf _u |
|
| 856 | 4 |
_qpdf _u |
|
| 942 |
_cKNG _n0 _05 |
||
| 944 |
_aCR _c11.11.2016 _k30576 _lЦветомила Тодорова |
||
| 944 |
_aED _c11.11.2016 _kПравда_Бадева |
||
| 999 |
_c186869 _d186869 |
||